Illustrated dictionary of architecture

Bibliographic Details
Main Author: Burden, Ernest E.
Format: Book
Published: New York : McGraw-Hill , 2002
Edition:2nd ed.
Subjects:

MARC

LEADER 00000cam a2200000 7i4500
001 0000011149
005 20050419.0
020 |a 0071375295 
040 |a INS 
090 0 0 |a NA31.   |b B83 2002 
100 1 |a Burden, Ernest E. 
245 1 0 |a Illustrated dictionary of architecture   |c Ernest E. Burden 
250 |a 2nd ed. 
260 |a New York :   |b McGraw-Hill ,   |c 2002 
300 |a vii :   |b 389p ;   |c 24cm. 
650 0 0 |a Architecture   |x dictionaries 
999 |a 0000011942   |b BOOK   |c Open Shelf   |e Default branch